000 00783nam a22002297a 4500
005 20170124110152.0
010 _aB-129821
020 _c595.00
_a9780195670400
035 _aB-129821
037 _bCen Lib/Ret
040 _aDPL
_bEN
082 _a659.1
_bMAZ
100 _aMazzarella, William
_934209
245 _aShoveling smoke :
_cby William Mazzarella
_badvertising and globalization in contemporary India /
260 _aNew Delhi
_bOxford University Press
_c2003
270 _aYMCA Library Building Jai Singh Road
_bNew Delhi
_e110001
300 _axvi,364p. :
_c22cm(Hb)
_bill.
500 _aIncludes bibliographical reference and index
650 _aMarketing
_96818
650 _aAdvertising--Social aspects
_934210
942 _2ddc
_cEN
_h659.1
_mMAZ
999 _c132280
_d132280